000 00202 a2200097 4500
001 16792
100 _aCartland B
245 _aPerfection of love
260 _a
_bCorgi books
_c
090 _c12658
_d12658
942 _aNUST-CAE
_cM
_c2956
999 _c251865
_d251865